000 00302nam a22001337a 4500
008 170630b xxu||||| |||| 00| 0 eng d
020 _a0801059518
041 _aeng
080 _a82
100 _a22
101 _aGJL
245 _a1000 AND ONE THOUGHTS FROM MY LIBRARY
_cMOODY,D.L
942 _2udc
_cBK
999 _c19711
_d19711